01010nam a2200265 i 4500001000300000245012800003250004400131260004600175300003100221490003100252500003400283650007500317700002900392700004400421830003100465015001800496020001800514020001800532040000800550041000800558044000800566080003100574008004100605856009800646bg10aPodatek dochodowy od osób fizycznych :brok 2007 : komentarz /cred. Janusz Marciniuk ; aut. Antoni Dąbrowski [et al.]. a8. wyd., stan prawny kwiecień 2007 r. aWarszawa :bWydawnictwo C.H. Beck,c2007. aXV, [1], 1404 s. ;c22 cm.1 aPodatkowe Komentarze Becka aNa s. red. błędnie 7. wyd. 9aPodatek dochodowy od osób fizycznychxprawozPolskaystan na 2007 r.1 aMarciniuk, Janusz.eRed.1 aDąbrowski, Antonic(prawo podatkowe). aPodatkowe Komentarze Becka aPB 19210/2007 a9788374835428 a9788374835428 cBPK0 apol aPOL a336.226.11(438)(094.4.072)080317s2007 pl l |001 0 pol  uhttp://koha.tu.koszalin.pl/cgi-bin/koha/opac-detail.pl?biblionumber=54545yKatalog online BPK